OEA: ¿negociación o intervención en Nicaragua?
محفوظ في:
| التنسيق: | نص |
|---|---|
| الموضوعات: | |
| الوسوم: |
إضافة وسم
لا توجد وسوم, كن أول من يضع وسما على هذه التسجيلة!
|
MARC
| LEADER | 00000 a a2200000 04500 | ||
|---|---|---|---|
| 001 | 17855 | ||
| 003 | |||
| 040 | |||
| 245 | |a OEA: ¿negociación o intervención en Nicaragua? | ||
| 650 | |a INTERVENCION EXTRANJERA | ||
| 650 | |a VIOLENCIA | ||
| 650 | |a POLITICA | ||
| 650 | |a PARTIDOS POLITICOS | ||
| 650 | |a NICARAGUA | ||
| 773 | |g volumen 3, número 25; páginas 193 | ||
| 999 | |c 19926 |d 19926 | ||
| 773 | 0 | |0 42391 |9 3996 |a Agencia Latinoamericana de Información, ALAI |d Quito, Ecuador: ALAI |o 03872 |t ALAI: |x 08275564 (Servicio mensual de información y documentación) | |
